Biología : anatomía y fisiología humanas :
Guardado en:
| Autor Principal: | |
|---|---|
| Otros Autores: | , , |
| Formato: | Libro |
| Publicado: |
Buenos Aires :
Santillana ,
2006
|
| Series: | Perspectivas
|
| Materias: | |
| Etiquetas: |
Agregar Etiqueta
Sin Etiquetas, Sea el primero en etiquetar este registro!
|
| LEADER | 01633nam a22002895a 4500 | ||
|---|---|---|---|
| 001 | CEM.cems012403 | ||
| 005 | 20080222104238.0 | ||
| 008 | 130507s2006##################000#0#####d | ||
| 003 | CEMS | ||
| 020 | |a 9504616623 | ||
| 082 | 0 | 4 | |a 574 |
| 100 | 1 | |a Adúriz-bravo, Agustín | |
| 245 | 1 | 0 | |a Biología : |b anatomía y fisiología humanas : |c Agustín Adúriz-bravo ... [et Al.] |
| 260 | |a Buenos Aires : |b Santillana , |c 2006 | ||
| 300 | |a 288 p. | ||
| 490 | 0 | |a Perspectivas | |
| 500 | |a Para Polimodal. | ||
| 505 | 0 | |a La construcción del conocimiento científico -- La ciencia ¿es o se hace? -- La biología tiene un antes y un después -- Los sistemas vivientes -- Un ser vivo: un sistema -- Composición química de los seres vivos -- Estructura y metabolismo celular -- De la célula al organismo complejo -- La nutrición en el ser humano -- La digestión -- La respiración -- La circulación -- La excreción -- La relación con el entorno -- Recepción de estímulos -- Control, regulación e integración e integración de funciones -- Sostén y movimiento -- Las defensas del organismo humano -- Población humana y salud -- La continuidad de la vida -- Reproducción, crecimiento y desarrollo -- Genética y herencia -- Biotecnología -- Origen y evolución de la especie humana -- Las teorías evolutivas -- Evolución del ser humano | |
| 653 | |a Biología | ||
| 653 | |a Anatomía | ||
| 653 | |a Fisiología | ||
| 653 | |a Genética | ||
| 653 | |a Evolución | ||
| 700 | 1 | |a Barderi, María Gabriela | |
| 700 | 1 | |a Bustos, Daniel O. | |
| 700 | 1 | |a Frid, Débora J. | |
| 859 | |a CEMS |b BIB. CEMS - 11 de abril |h 574 |i Ad94 |p 23718.07 |t Ej.1 | ||
